<?xml version="1.0" encoding="UTF-8"?>
<marc:record xmlns:marc="http://www.loc.gov/MARC21/slim">
   <marc:leader>00000nam a2200000 a 4500</marc:leader>
   <marc:datafield ind1="1" ind2=" " tag="100">
      <marc:subfield code="a">Freytag Anne</marc:subfield>
      <marc:subfield code="4">aut</marc:subfield>
      <marc:subfield code="e">Verfasser/-in</marc:subfield>
   </marc:datafield>
   <marc:datafield ind1="0" ind2="0" tag="245">
      <marc:subfield code="a">Renate Hoffmann</marc:subfield>
   </marc:datafield>
   <marc:datafield ind1="0" ind2="0" tag="245">
      <marc:subfield code="b">Roman</marc:subfield>
   </marc:datafield>
   <marc:datafield ind1=" " ind2="1" tag="264">
      <marc:subfield code="a">München</marc:subfield>
      <marc:subfield code="b">freytag-gegenwarts literatur</marc:subfield>
      <marc:subfield code="c">2013</marc:subfield>
   </marc:datafield>
   <marc:datafield ind1="1" ind2=" " tag="520">
      <marc:subfield code="a">Frau Hoffmann beschließt zu sterben. Doch auch das will gut organisiert sein. Das Leben trostlos. Die Lösung naheliegend. Der Sprung vom Balkon. Aber, was so einfach klingt, ist es nicht, denn das Leben schert sich nicht um Renates Selbstmordpläne. Die neue Vorgesetzte, Herberts Briefe oder die Erkenntnis, dass sie noch nie masturbiert hat, halten sie immer wieder davon ab, ihren Plan endlich in die Tat umzusetzen. Renate Hoffmann hatte nicht immer sterben wollen. Es hatte einmal eine Zeit gegeben, in der sie nicht nur am Leben, sondern tatsächlich lebendig gewesen war. Sieben Jahre zuvor schien das Leben noch voller Möglichkeiten. Bis zu jenem verhangenen Tag im November...</marc:subfield>
   </marc:datafield>
   <marc:datafield ind1=" " ind2=" " tag="020">
      <marc:subfield code="a">9781484097205</marc:subfield>
      <marc:subfield code="9">9781484097205</marc:subfield>
   </marc:datafield>
   <marc:datafield ind1=" " ind2=" " tag="041">
      <marc:subfield code="a">eng</marc:subfield>
   </marc:datafield>
   <marc:datafield ind1=" " ind2=" " tag="300">
      <marc:subfield code="a">286 S.</marc:subfield>
   </marc:datafield>
</marc:record>
